000 00566nam a22001457a 4500
082 _a620.005
100 _aSajjad, Zunaira
245 _aAnalysis of Challenges to Total Quality Management Implementation in Federal Government Educational Institutions (Cantonments/ Garrisons) in Pakistan /
_cZunaira Sajjad
260 _aIslamabad :
_bCEME - NUST,
_c2017.
300 _a75 p. ;
_c30cm.
650 _aEngineering Management-MS-Thesis
_916065
700 _aDr. Tasweer Hussain Syed
_932933
942 _2ddc
_cTHE
999 _c537430
_d537430